| 000 | 00900nam a2200253Ia 4500 | ||
|---|---|---|---|
| 003 | OSt | ||
| 005 | 20221005112642.0 | ||
| 006 | a|||||r|||| 00| 0 | ||
| 007 | ta | ||
| 008 | 221004b |||||||| |||| 00| 0 pan d | ||
| 020 |
_a8188852694 (hbk) _c125 |
||
| 024 | _a6421 | ||
| 037 |
_b715, 26/06/2013, H.K. Prakashan _cTextual |
||
| 040 |
_aCRL _cCRL _bpan |
||
| 041 |
_2pan _apan |
||
| 082 | _aO168,1x, 153P8 | ||
| 100 |
_aਸਿਰੀ ਰਾਮ, ਅਰF, ਥਦ. _9624377 |
||
| 245 | 0 | _aਪਾਕਿਸਤਾਨ ਦੀਆਂ ਉਰਦੂ ਫ਼ਗ਼ਲਾਂ | |
| 260 |
_aਜਲੰਧਰ _bਦੀਪਮ ਪਬਲਿFਰਗ਼ ਭਾਰਤ _c2008 |
||
| 300 |
_a104ਪੰ _ccm. |
||
| 650 | _aਪੰਜਾਬੀ ਸਾਹਿਤ | ||
| 942 |
_hO168,1x, 153P8 _cTEXL _2cc |
||
| 999 |
_c1025539 _d1025539 |
||